El vínculo entre las políticas de focalización y las políticas universales /

Сохранить в:
Библиографические подробности
Главный автор: Sojo, Ana
Формат: Текст
Метки: Добавить метку
Нет меток, Требуется 1-ая метка записи!

MARC

LEADER 00000 a a2200000 04500
001 47728
003
040
100 |a Sojo, Ana  
245 |a El vínculo entre las políticas de focalización y las políticas universales /  |c Ana Sojo  
773 |g páginas 113-119  
999 |c 40167  |d 40167